| 000 | 00378nam a22001457a 4500 | ||
|---|---|---|---|
| 020 | _qPB. | ||
| 040 | _cFIZZA ISHAQ | ||
| 082 |
_a150.3 _bART |
||
| 100 |
_aREBER,S.ARTHUR. _9133611 |
||
| 245 |
_aTHE PENGUIN DICTIONARY OF PSYCHOLOGY / _cARTHUR S.REBER. |
||
| 250 | _a2ND ED. | ||
| 260 |
_aNEW YORK ; _bPENGUIN BOOKS, _c1985. |
||
| 300 |
_a880 P. ; _c7.8X4.8IN |
||
| 942 |
_2ddc _cBK |
||
| 999 |
_c616567 _d616567 |
||